00450nam a2200181 a 4500001001300000003000900013005001700022008004100039020001000080082001600090100002600106245001700132260003300149300000900182500003500191650001600226700002600242nice12345678IN_TiNIC20260116011945.0070619s1971 luca grp 000 0 urd  ac10000a891.47bSAH aSahalawi, Abdul Mujib aElection-Yat aLucknow bNo Publisherc1971 a120p aincludes index and biblioraphy aUrdu-Essays1 aSahalawi, Abdul Mujib